| 000 | 00498nam a2200169 i 4500 | ||
|---|---|---|---|
| 001 | 46376 | ||
| 003 | ES-MaACL | ||
| 005 | 20230906161354.0 | ||
| 007 | t| | ||
| 008 | 030328s1950 sp ||||1| spa d | ||
| 100 | 1 |
_aComenge Gerpe, Miguel. _939992 |
|
| 245 | 1 | 0 |
_aPrácticas de bioquímica / _cpor Miguel Comenge Gerpe. |
| 250 | _a1ª ed. | ||
| 260 |
_a[S.l. : _bs.n., _c1950] ( _eMadrid : _fGráf. Sánchez) |
||
| 300 |
_a212 p., 3 lám. : _bil. ; _c21 cm. |
||
| 852 |
_aES-MaACL _jD-7455 _bR.30299 |
||
| 999 |
_c46376 _d46376 |
||